| 000 | 00406 a2200133 4500 | ||
|---|---|---|---|
| 001 | 88603 | ||
| 082 | _aPR 736 | ||
| 090 |
_c41949 _d41949 |
||
| 100 | _aMian Muhammad Zubair | ||
| 245 | _aTheoretical survey of constant temperature hot wire Anemometer system for the measurement of velocity fluctuations | ||
| 260 |
_aKarachi _bUniversity of Karachi _c1979 |
||
| 300 | _a65p. | ||
| 500 | _aBE Project Reports | ||
| 942 |
_aCAE NUST _kPR 736 |
||
| 999 |
_c323676 _d323676 |
||